The vanishing generations / (Record no. 170792)

MARC details
000 -LEADER
fixed length control field 00502nam a2200181 4500
005 - DATE AND TIME OF LATEST TRANSACTION
control field 20191226104825.0
010 ## - LCCN (DPL NO)
LC control number ENG-127246
020 ## - INTERNATIONAL STANDARD BOOK NUMBER
International Standard Book Number 10987654321
Terms of availability 799.00
035 ## - SYSTEM CONTROL NUMBER
System control number EN-110778
037 ## - SOURCE OF ACQUISITION
Source of stock number/acquisition DBAD/PUB
082 ## - DEWEY DECIMAL CLASSIFICATION NUMBER
Classification number N
100 ## - MAIN ENTRY--PERSONAL NAME
Personal name Varkey, T.V.
245 ## - TITLE STATEMENT
Title The vanishing generations /
Statement of responsibility, etc by T.V. Varkey
260 ## - PUBLICATION, DISTRIBUTION, ETC. (IMPRINT)
Place of publication, distribution, etc New Delhi
Name of publisher, distributor, etc Tranquebar Press
Date of publication, distribution, etc 2017
270 ## - ADDRESS
Address 93, Ist Floor, Sham Lal Road
City Daryaganj, New Delhi
Postal code 110002
300 ## - PHYSICAL DESCRIPTION
Extent xi;620p.
Dimensions 23cm(Hb)
942 ## - ADDED ENTRY ELEMENTS (KOHA)
Source of classification or shelving scheme Dewey Decimal Classification
Item type English Books
Classification part N
Call number suffix VAR
Holdings
Withdrawn status Lost status Not for loan Collection code Home library Current library Date acquired Source of acquisition Cost, normal purchase price Full call number Barcode Copy number Cost, replacement price Koha item type
      Fiction Bawana Bawana 24/12/2019 DBAD/PUB 799.00 N VAR EN-110778 1 799.00 English Books

© Delhi Public Library
Hit Counter
free hit counter